| 000 | 00973nam0a2200253 4500 | ||
|---|---|---|---|
| 001 | RU\NLR\BIBL_A\011757059 | ||
| 005 | 20250806210453.0 | ||
| 035 | _a(NLR Aleph) 011757059 | ||
| 090 |
_a80867 _c80867 |
||
| 100 | _a20180723d1942 m y0rusy50 ca | ||
| 101 | 0 | _akir | |
| 102 | _aKG | ||
| 105 | _ay z 000yy | ||
| 200 | 1 |
_aКартошканын үстүнкү бѳлүгүн кантип даярдоо жана сактоо керек _fКырг. ЛКСМ Борбордук Комитети. СССР Илим Академиясынын Генетика ин-туту |
|
| 210 |
_aФрунзе _d1942 |
||
| 215 |
_a10,[1] c. _d20 |
||
| 541 | 1 |
_aКак заготовлять и хранить верхушки картофеля _zrus |
|
| 686 | 1 | _aП215.1 | |
| 852 |
_aNLR _bОНЛ _jКирг./2-562 |
||
| 852 |
_aNLR _bОНЛ _jКирг./2-562 |
||
| 942 | _cBOOK | ||
| 945 | _aРоссийская национальная библиотека | ||
| 980 | _aBV | ||